Tahfeem ul Ahadees Vol-1 (Record no. 63014)

000 -LEADER
fixed length control field 00471nam a22001697a 4500
003 - CONTROL NUMBER IDENTIFIER
control field NUST - PNEC
005 - DATE AND TIME OF LATEST TRANSACTION
control field 20170116180802.0
008 - FIXED-LENGTH DATA ELEMENTS--GENERAL INFORMATION
fixed length control field 150416b xxu||||| |||| 00| 0 eng d
040 ## - CATALOGING SOURCE
Transcribing agency LIBRARY
082 ## - DEWEY DECIMAL CLASSIFICATION NUMBER
Classification number 297.22 MAU
100 ## - MAIN ENTRY--PERSONAL NAME
9 (RLIN) 2643
Personal name Maududi, Syed Abu
245 ## - TITLE STATEMENT
Title Tahfeem ul Ahadees Vol-1
Statement of responsibility, etc. Maulana Syed Abul Ali Maududi
260 ## - PUBLICATION, DISTRIBUTION, ETC.
Place of publication, distribution, etc. Lahore:
Name of publisher, distributor, etc. Idara Maurif Islami,
300 ## - PHYSICAL DESCRIPTION
Extent 464 p. :
650 ## - SUBJECT ADDED ENTRY--TOPICAL TERM
9 (RLIN) 2645
Topical term or geographic name entry element Islam, hadees mubaraka
General subdivision General
942 ## - ADDED ENTRY ELEMENTS (KOHA)
Source of classification or shelving scheme
Koha item type Book
Holdings
Withdrawn status Lost status Source of classification or shelving scheme Damaged status Not for loan Permanent Location Current Location Shelving location Date acquired Source of acquisition Cost, normal purchase price Total Checkouts Full call number Barcode Date last seen Cost, replacement price Price effective from Koha item type
          Pakistan Navy Engineering College (PNEC) Pakistan Navy Engineering College (PNEC)   02/25/2000 NHQ Islamabad 390.00   297.22 MAU PNECLIB-022059 04/16/2015 390.00 02/25/2000 Book
© 2023 Central Library, National University of Sciences and Technology. All Rights Reserved.